000 00306nam a22001337a 4500
008 171006b xxu||||| |||| 00| 0 eng d
020 _a9781429254328
041 _aeng
080 _23 ED
_a159.9
100 _a159.9
101 _aPSI
245 _aHOW CHILDREN DEVELOP
_cSIEGLER.R
942 _2udc
_cBK
999 _c32202
_d32202